Peter the Great through British eyes : perceptions and representations of the Tsar since 1698 /

Bibliographic Details
Main Author: Cross, Anthony (Anthony Glenn), 1936-
Format: Book
Language:English
Published: Cambridge : Cambridge University Press, 2000.
Subjects:

MARC

Tag First Indicator Second Indicator Subfields
LEADER 00000cam a22000008a 4500
001 in00001600568
005 20151022170948.0
008 000714s2000 enkaf b 001 0 eng d
015 |a GBA0-W7736 
020 |a 0521782988 
029 0 |a UKM  |b bA0W7736 
035 |a (OCoLC)ocm44736397 
040 |a UKM  |c UKM  |d CDS  |d TXA  |d UtOrBLW 
043 |a e-ru---  |a e-uk--- 
049 |a TXAM 
082 0 4 |a 947.05092  |2 21 
090 |a DK131  |b .C76 2000 
100 1 |a Cross, Anthony  |q (Anthony Glenn),  |d 1936- 
245 1 0 |a Peter the Great through British eyes :  |b perceptions and representations of the Tsar since 1698 /  |c Anthony Cross. 
264 1 |a Cambridge :  |b Cambridge University Press,  |c 2000. 
300 |a xii, 172 pages, 22 unnumbered pages of plates :  |b illustrations ;  |c 25 cm. 
336 |a text  |b txt  |2 rdacontent 
337 |a unmediated  |b n  |2 rdamedia 
338 |a volume  |b nc  |2 rdacarrier 
504 |a Includes bibliographical references and index. 
600 0 0 |a Peter  |b I,  |c Emperor of Russia,  |d 1672-1725. 
651 0 |a Russia  |x History  |y Peter I, 1689-1725. 
651 0 |a Great Britain  |x Civilization  |x Russian influences. 
948 |a cataloged  |b h  |c 2001/2/23  |d c  |e jspillan  |f 11:07:43 am 
994 |a E0  |b TXA 
999 |a MARS 
999 f f |s 96e2fde6-7c62-3b1e-85ec-f73356faf0c6  |i a047047c-4868-3347-adf7-c5d191cc654a  |t 0 
952 f f |p normal  |a Texas A&M University  |b College Station  |c Sterling C. Evans Library  |d Evans: Library Stacks  |t 0  |e DK131 .C76 2000  |h Library of Congress classification  |i unmediated -- volume  |m A14827177142 
998 f f |a DK131 .C76 2000  |t 0  |l Evans: Library Stacks